000 00923nam a2200241Ii 4500
003 JO-AjNU
008 230605s9999||||xx |||||||||||||| ||und||
017 _a22/2831
020 _a9960-32-110-X
040 _aJO-AjNU
_bara
_erda
_cJO-AjNU
041 _aara
050 1 4 _aBP173.758 2000
100 3 _aشابرا، محمد عمر ؛ م. مشارك: طارق الله خان,
_eauthor
_928099
245 0 0 _aالرقابة والإشراف على المصارف الإسلامية
250 _aط1
264 3 1 _aجدة: المعهد الاسلامي للبحوث والتدريب البنك الاسلامي للتنمية، 2000
300 _a131ص
_bالمراجع العربية (ص121-131)
336 _atext
_btxt
_2rdacontent
337 _aunmediated
_bn
_2rdamedia
338 _avolume
_bnc
_2rdacarrier
490 0 _aورقة مناسبات 3
650 4 _aالبنوك الاسلامية- ادارة
_928100
999 _aA10856
_c14424
_d14424